| 000 | 00922cam a2200289 a 4500 | ||
|---|---|---|---|
| 001 | 16726364 | ||
| 005 | 20180308080807.0 | ||
| 008 | 110408s2011 nyua b 001 0 eng | ||
| 010 | _a 2011014631 | ||
| 020 | _a9781400068418 (hc : alk. paper) | ||
| 020 | _a140006841X (hc : alk. paper) | ||
| 020 | _a9780679605027 (eBook) | ||
| 035 | _a(OCoLC)ocn711989050 | ||
| 040 |
_aDLC _beng _cDLC _dYDXCP _dNPL _dIK2 _dABG _dORX _dIEB _dBWX _dTXA _dDLC |
||
| 041 | _aeng | ||
| 042 | _apcc | ||
| 043 | _an-us--- | ||
| 080 | _a330.973 SAC | ||
| 082 | 0 | 0 |
_a330.973 SAC _222 |
| 100 | 1 | _a52 | |
| 101 | _aEKO | ||
| 245 | 1 | 4 |
_aThe price of civilization : _cJeffrey D. Sachs. |
| 504 | _aIncludes bibliographical references (p. [277]-307) and index. | ||
| 906 |
_a7 _bcbc _corignew _d1 _eecip _f20 _gy-gencatlg |
||
| 942 |
_2ddc _cBK |
||
| 999 |
_c44488 _d44488 |
||